I Want It That Way Lyrics - Backstreet Boys - Statistics

General Stats
  • This quiz has been taken 6,829 times
  • The average score is 232 of 264
Answer Stats
Answer % Correct
a
99%
I
99%
(I
99%
that
99%
That
99%
want
99%
You
99%
you
99%
it
98%
way
98%
say
96%
say)
96%
hear
95%
me
95%
No
95%
Tell
94%
are
93%
are,
93%
But
93%
but
93%
my
93%
nothin'
93%
why
93%
Ain't
92%
fire
92%
fire?
92%
one
92%
The
92%
the
92%
desire
91%
desire?
91%
heart
91%
be,
87%
mistake
87%
never
87%
when
87%
When
87%
wanna
86%
heartache
81%
Believe,
80%
we
74%
your
73%
Your
73%
to
72%
Am
64%
apart
64%
two
61%
can
59%
worlds
59%
Yeah
58%
yeah
58%
Can't
49%
know
49%
reach
48%
Oh
46%
too
45%
Don't
43%
it's
43%
late
41%
of
41%
see
41%
Now
40%
used
38%
inside
37%
deep
36%
down
36%
matter
36%
distance
35%
'Cause
34%
From
34%
Yes
32%
fallen
15%
we've
15%
No matching quizzes found
Score Distribution
Percent of People with Each Score
Percentile by Number Answered
Your Score History
You have not taken this quiz